| 000 | 00405nam a22001217a 4500 | ||
|---|---|---|---|
| 999 |
_c10243 _d10243 |
||
| 003 | OSt | ||
| 008 | 201214b ||||| |||| 00| 0 eng d | ||
| 245 | _aIndian Journal of Finance | ||
| 250 | _a2013(Jan Vol.7 No.1, Feb Vol.7 No.2, Mar Vol.7 No.3, Apr Vol.7 No.4, May Vol.7 No.5, Jun Vol.7 No.6) | ||
| 260 |
_aNew Delhi _bAssociated Management Consultants Pvt. Ltd. |
||
| 650 | _aManagement | ||
| 942 |
_2ddc _cBV |
||